000 00486nam a2200193 a 4500
001 1765970623571
003 ACL
005 20251217165534.0
008 251217s2003##################000#0#eng##
020 _a9781580401364
082 0 4 _a641.56314
_bSOU
100 1 _aWeaver, Roniece,
_eauthor.
245 1 0 _aMonth of Meals: Soul Food :
260 _bAmerican Diabetes Association,
_c2003.
300 _a75 pages
650 0 _aCooking.
942 _cENGLISH
040 _aACL
_beng
_cACL
999 _c603048
_d603048